|
|
|
|
| LEADER |
01008nam a22002537a 4500 |
| 001 |
41404 |
| 003 |
BD-DhAAL |
| 005 |
20230829160415.0 |
| 008 |
230809t2014 bg ||||| |||| 00| 0 ben d |
| 020 |
|
|
|a 9789845041775
|
| 040 |
|
|
|a BD-DhAAL
|d BD-DhAAL
|
| 082 |
|
|
|2 21
|a 294.5923048
|
| 100 |
|
|
|a দাস, সুব্রত কুমার.
|
| 245 |
|
|
|a আমার মহাভারত /
|c সুব্রত কুমার দাস.
|
| 246 |
|
|
|a Amar Mahavarot
|
| 260 |
|
|
|a ঢাকা :
|b মুর্ধন্য,
|c ২০১৪.
|
| 300 |
|
|
|a ১১১ পৃষ্ঠা ;
|c ২২ সে.মি.
|
| 541 |
|
|
|a RS campus, Saver.
|e 41404
|
| 650 |
|
|
|a Mahabharata
|x Criticism, interpretation, etc.
|9 55303
|
| 650 |
|
|
|a Blessing and cursing.
|9 55304
|
| 852 |
|
|
|a Savar Campus Library
|b General Stacks
|
| 942 |
|
|
|2 ddc
|c BK
|
| 999 |
|
|
|c 46079
|d 46079
|
| 952 |
|
|
|0 0
|1 0
|2 ddc
|4 0
|6 294_592304800000000_DAS
|7 0
|9 74202
|a SCL
|b SCL
|c GEN
|d 2023-08-09
|l 1
|o 294.5923048 DAS
|p 3020041404
|r 2024-01-25
|s 2024-01-22
|t 1
|w 2023-08-09
|y BK
|